Statistics for Korean Symbols Quiz

Click here to take the quiz!

General Stats

  • This quiz has been taken 43 times
  • The average score is 23 of 24

Answer Stats

SymbolSound% Correct
a
100%
ya
100%
b
95%
ch
95%
c/k
95%
d
95%
eu/uh
95%
g
95%
h
95%
i/ee
95%
j
95%
l/r
95%
m
95%
n
95%
o
95%
p
95%
s
95%
t
95%
u/oo
95%
yo
95%
yu/yoo
95%
eo
92%
yeo
92%
ng/silent
84%

Score Distribution

Percentile by Number Answered

Percent of People with Each Score

Your Score History

You have not taken this quiz